[Event "HUN-chT2 Breyer 1718"]
[Site "Hungary"]
[Date "2018.02.18"]
[Round "8.4"]
[White "Balogh, Zoltan"]
[Black "Horvath, Csaba3333"]
[Result "1/2-1/2"]
[WhiteElo "2046"]
[BlackElo "2222"]
[PlyCount "42"]
[EventDate "2017.09.24"]
[EventType "team-tourn"]
[EventRounds "11"]
[EventCountry "HUN"]
[SourceTitle "EXT 2021"]
[Source "ChessBase"]
[SourceDate "2020.10.23"]
[SourceVersion "1"]
[SourceVersionDate "2020.10.23"]
[SourceQuality "1"]
[WhiteTeam "Vizugy"]
[BlackTeam "Naszaly Geniusz Tata"]
[WhiteTeamCountry "HUN"]
[BlackTeamCountry "HUN"]

1. e4 e5 2. Bc4 Nc6 3. d3 Bc5 4. Nf3 Nf6 5. c3 d6 6. a4 a5 7. h3 h6 8. Nbd2 0-0 9. 0-0 Bb6 10. Bb3 Be6 11. Bxe6 fxe6 12. Nc4 Ba7 13. Re1 Nh5 14. Be3 Nf4 15. Bxa7 Rxa7 16. Re3 Qf6 17. Kh2 g5 18. d4 Raa8 19. dxe5 dxe5 20. Qb3 Rfb8 21. Qb5 Ng6 1/2-1/2

[Event "HUN-chT2 Breyer 1718"]
[Site "Hungary"]
[Date "2018.01.28"]
[Round "7.4"]
[White "Goczo, Melinda"]
[Black "Balogh, Zoltan"]
[Result "1-0"]
[WhiteElo "2176"]
[BlackElo "2046"]
[PlyCount "81"]
[EventDate "2017.09.24"]
[EventType "team-tourn"]
[EventRounds "11"]
[EventCountry "HUN"]
[SourceTitle "EXT 2021"]
[Source "ChessBase"]
[SourceDate "2020.10.23"]
[SourceVersion "1"]
[SourceVersionDate "2020.10.23"]
[SourceQuality "1"]
[WhiteTeam "Biatorbagy"]
[BlackTeam "Vizugy"]
[WhiteTeamCountry "HUN"]
[BlackTeamCountry "HUN"]

1. d4 Nf6 2. c4 e6 3. Nf3 b6 4. g3 Ba6 5. b3 Bb4+ 6. Bd2 Bxd2+ 7. Qxd2 c6 8. Bg2 0-0 9. Nc3 d5 10. 0-0 Nbd7 11. Rfd1 Rc8 12. e4 Nxe4 13. Nxe4 dxe4 14. Ng5 Nf6 15. Nxe4 Nxe4 16. Bxe4 Qe7 17. Qb2 Rfd8 18. Rd2 Rd7 19. Rad1 Bb7 20. b4 c5 21. Bxb7 Rxb7 22. dxc5 bxc5 23. b5 h6 24. Qe5 Qf6 25. Qe4 Rbb8 26. Qe3 h5 27. h4 Qf5 28. a4 Qg4 29. Qc3 Qe4 30. a5 Re8 31. Qd3 Qg4 32. Qe2 Qf5 33. Rd7 Ra8 34. Kg2 Kf8 35. Qf3 Qxf3+ 36. Kxf3 Re7 37. Rd8+ Rxd8 38. Rxd8+ Re8 39. Rxe8+ Kxe8 40. b6 axb6 41. a6 1-0

[Event "HUN-chT2 Breyer 1718"]
[Site "Hungary"]
[Date "2017.11.26"]
[Round "4.5"]
[White "Mullner, Imre"]
[Black "Balogh, Zoltan"]
[Result "1/2-1/2"]
[WhiteElo "2166"]
[BlackElo "2046"]
[PlyCount "106"]
[EventDate "2017.09.24"]
[EventType "team-tourn"]
[EventRounds "11"]
[EventCountry "HUN"]
[SourceTitle "EXT 2021"]
[Source "ChessBase"]
[SourceDate "2020.10.23"]
[SourceVersion "1"]
[SourceVersionDate "2020.10.23"]
[SourceQuality "1"]
[WhiteTeam "Torokbalint"]
[BlackTeam "Vizugy"]
[WhiteTeamCountry "HUN"]
[BlackTeamCountry "HUN"]

1. Nf3 c5 2. c4 Nc6 3. d4 cxd4 4. Nxd4 Nf6 5. Nc3 e6 6. Ndb5 a6 7. Nd6+ Bxd6 8. Qxd6 Qe7 9. Bf4 Nh5 10. Qxe7+ Kxe7 11. Bg5+ f6 12. Be3 f5 13. 0-0-0 d6 14. Bg5+ Nf6 15. e4 fxe4 16. Nxe4 Rd8 17. Be2 Ne5 18. Rhe1 Nf7 19. Bh4 Bd7 20. f4 Rac8 21. Kb1 Bc6 22. Bg4 Bd7 23. Nxf6 gxf6 24. b3 e5 25. Bxd7 Rxd7 26. Rd5 Rg8 27. g3 Rc7 28. Rf1 Rg6 29. Kc2 Rc6 30. Kc3 Rg8 31. a4 h5 32. fxe5 dxe5 33. Rfd1 Rc7 34. h3 Ke6 35. b4 Rgc8 36. c5 b6 37. Kc4 bxc5 38. bxc5 Rb8 39. R5d2 a5 40. Rf1 Rb4+ 41. Kd3 f5 42. Rc2 e4+ 43. Ke2 Rxa4 44. g4 hxg4 45. hxg4 fxg4 46. Rf4 Ne5 47. Rf6+ Kd7 48. Bg3 Nf3 49. Rf7+ Ke6 50. Rxc7 Nd4+ 51. Kd1 Nxc2 52. Kxc2 Kd5 53. Rg7 Kxc5 1/2-1/2

[Event "HUN-chT2 Breyer 1617"]
[Site "Hungary"]
[Date "2017.02.26"]
[Round "7.4"]
[White "Balogh, Zoltan"]
[Black "Budai, David"]
[Result "0-1"]
[WhiteElo "2063"]
[BlackElo "2280"]
[PlyCount "76"]
[EventDate "2016.10.30"]
[EventType "team-tourn"]
[EventRounds "9"]
[EventCountry "HUN"]
[SourceTitle "EXT 2021"]
[Source "ChessBase"]
[SourceDate "2020.10.23"]
[SourceVersion "1"]
[SourceVersionDate "2020.10.23"]
[SourceQuality "1"]
[WhiteTeam "Vizugy"]
[BlackTeam "Biatorbagy"]
[WhiteTeamCountry "HUN"]
[BlackTeamCountry "HUN"]

1. e4 c5 2. Nc3 Nc6 3. g3 g6 4. Bg2 Bg7 5. d3 d6 6. f4 e6 7. Nh3 Rb8 8. 0-0 Nge7 9. g4 h5 10. Nf2 hxg4 11. Nxg4 Nd4 12. Ne2 Nec6 13. c3 Qh4 14. h3 f5 15. Nf2 Nxe2+ 16. Qxe2 Bd7 17. Be3 0-0 18. Rad1 g5 19. Nh1 Rbe8 20. Bf2 Qh6 21. Bg3 e5 22. fxg5 Qxg5 23. exf5 Bxf5 24. Kh2 Kh8 25. Be1 Bg6 26. Bd2 Qh4 27. Ng3 Bh6 28. Bxh6 Qxh6 29. Bd5 Rf4 30. Qg2 Ref8 31. Be4 Ne7 32. Bxb7 Rg8 33. Be4 Bf7 34. Qd2 Be6 35. Bg2 Qh4 36. Ne4 Rfg4 37. Rf2 Nd5 38. Bf3 Qxh3+ 0-1

[Event "HUN-chT4a 1516"]
[Site "Hungary"]
[Date "2016.02.27"]
[Round "8.13"]
[White "Szell, Veronika"]
[Black "Balogh, Zoltan"]
[Result "1/2-1/2"]
[WhiteElo "1265"]
[BlackElo "1486"]
[PlyCount "21"]
[EventDate "2015.10.17"]
[EventType "team-tourn"]
[EventRounds "8"]
[EventCountry "HUN"]
[SourceTitle "EXT 2019"]
[Source "ChessBase"]
[SourceDate "2018.10.10"]
[SourceVersion "1"]
[SourceVersionDate "2018.10.10"]
[SourceQuality "1"]

1. e4 c5 2. Nf3 b6 3. Bc4 e6 4. Nc3 Bb7 5. 0-0 Ne7 6. d4 g6 7. dxc5 bxc5 8. Be3 d6 9. h3 Bg7 10. Qd2 0-0 11. Rfe1 1/2-1/2

[Event "HUN-chT2 Breyer 1516"]
[Site "Hungary"]
[Date "2015.10.18"]
[Round "3.3"]
[White "Balogh, Zoltan"]
[Black "Vicsai, Gabor"]
[Result "0-1"]
[WhiteElo "2083"]
[BlackElo "2258"]
[PlyCount "112"]
[EventDate "2015.09.13"]
[EventType "team-tourn"]
[EventRounds "11"]
[EventCountry "HUN"]
[SourceTitle "CBM 170 Extra"]
[Source "ChessBase"]
[SourceDate "2016.02.25"]
[SourceVersion "1"]
[SourceVersionDate "2016.02.25"]
[SourceQuality "1"]
[WhiteTeam "Vizugy"]
[BlackTeam "Kobanya Aquarena"]
[WhiteTeamCountry "HUN"]
[BlackTeamCountry "HUN"]

1. e4 c5 2. Nc3 Nc6 3. g3 g6 4. Bg2 Bg7 5. d3 e6 6. Be3 d6 7. Qd2 Nge7 8. Bh6 0-0 9. h4 f6 10. Bxg7 Kxg7 11. 0-0-0 Rb8 12. f4 h6 13. Nf3 Nd4 14. h5 Nxf3 15. Bxf3 g5 16. d4 c4 17. Kb1 b5 18. e5 dxe5 19. dxe5 Qxd2 20. exf6+ Rxf6 21. Rxd2 gxf4 22. Ne4 Rf8 23. Rg1 fxg3 24. Rxg3+ Kh8 25. a3 Nf5 26. Rg1 Rb7 27. Nf2 Rg7 28. Re1 Rd7 29. Red1 Rxd2 30. Rxd2 e5 31. Be4 Nd4 32. Bg6 Bf5 33. Ne4 Bxg6 34. hxg6 Kg7 35. Rg2 Rf4 36. Nd6 Rf1+ 37. Ka2 Rf8 38. a4 a6 39. Ka3 Nf5 40. Ne4 Nh4 41. Re2 Nxg6 42. axb5 axb5 43. Kb4 h5 44. Nd6 h4 45. Kxb5 Rb8+ 46. Kxc4 Rxb2 47. Nf5+ Kf6 48. Rf2 Kg5 49. Ne3 Nf4 50. Rf1 Rb8 51. Rg1+ Kf6 52. Kc5 h3 53. c4 Ke6 54. Kc6 Rb3 55. Ng4 e4 56. c5 e3 0-1

[Event "HUN-chT2 Erkel 1314"]
[Site "Hungary"]
[Date "2014.04.27"]
[Round "11.5"]
[White "Nagy, Ervin"]
[Black "Balogh, Zoltan"]
[Result "0-1"]
[WhiteElo "2282"]
[BlackElo "2062"]
[PlyCount "70"]
[EventDate "2013.09.08"]
[EventType "team-tourn"]
[EventRounds "11"]
[EventCountry "HUN"]
[SourceTitle "EXT 2016"]
[Source "ChessBase"]
[SourceDate "2015.10.08"]
[SourceVersion "1"]
[SourceVersionDate "2015.10.08"]
[SourceQuality "1"]
[WhiteTeam "Budapest Honved"]
[BlackTeam "Vizugy"]
[WhiteTeamCountry "HUN"]
[BlackTeamCountry "HUN"]

1. e4 c5 2. Nf3 e6 3. Be2 Nc6 4. 0-0 Nf6 5. d3 d5 6. Nbd2 Be7 7. c3 0-0 8. a4 b6 9. Re1 Ba6 10. Qc2 Rc8 11. Bf1 Qc7 12. b3 Rfe8 13. Bb2 dxe4 14. dxe4 Bxf1 15. Nxf1 c4 16. b4 Ng4 17. Rad1 Red8 18. Bc1 Nge5 19. Nxe5 Nxe5 20. Be3 Nd3 21. Re2 Bf6 22. Nd2 Nf4 23. Bxf4 Qxf4 24. Rde1 Qe5 25. Nb1 Rd3 26. g3 g5 27. Re3 Rcd8 28. Kg2 g4 29. h3 Bg5 30. R3e2 gxh3+ 31. Kxh3 Kf8 32. Qa2 Bf4 33. Qxc4 Qh5+ 34. Kg2 Bxg3 35. fxg3 Qf3+ 0-1

[Event "HUN-chT2 Erkel 1213"]
[Site "Hungary"]
[Date "2013.02.17"]
[Round "7.7"]
[White "Hegedus, Rafael"]
[Black "Balogh, Zoltan"]
[Result "1-0"]
[WhiteElo "2039"]
[BlackElo "2072"]
[PlyCount "99"]
[EventDate "2012.09.16"]
[EventType "team-tourn"]
[EventRounds "11"]
[EventCountry "HUN"]
[SourceTitle "EXT 2014"]
[Source "ChessBase"]
[SourceDate "2013.11.20"]
[SourceVersion "1"]
[SourceVersionDate "2013.11.20"]
[SourceQuality "1"]
[WhiteTeam "Mezokovesd"]
[BlackTeam "Vizugy"]
[WhiteTeamCountry "HUN"]
[BlackTeamCountry "HUN"]

1. e4 c5 2. Nf3 e6 3. d4 cxd4 4. Nxd4 a6 5. Be2 Nf6 6. e5 Qa5+ 7. c3 Qxe5 8. 0-0 Nc6 9. Nf3 Qc7 10. Bg5 Be7 11. Nbd2 d5 12. c4 d4 13. a3 0-0 14. Qc2 a5 15. Bd3 h6 16. Bh4 Nh5 17. Bxe7 Qxe7 18. Rae1 Re8 19. Be4 Rd8 20. Bxc6 d3 21. Qc3 bxc6 22. Qe5 Nf6 23. h3 a4 24. Re3 Ba6 25. Qc3 Rab8 26. Ne5 Qb7 27. Nxd3 Qc7 28. Nc5 Ra8 29. Nf3 Nd7 30. Nxa4 c5 31. Rfe1 Bb7 32. Qc2 Qc6 33. Nc3 Nf6 34. Ne4 Nxe4 35. Rxe4 Rd6 36. Ne5 Qc7 37. R4e3 Rad8 38. b4 Rd2 39. Qb3 R8d4 40. b5 Rf4 41. Nf3 Qd6 42. a4 Bxf3 43. Rxf3 Qd4 44. Rxf4 Qxf4 45. Qe3 Qxe3 46. Rxe3 Ra2 47. Re5 Rxa4 48. Rxc5 Kf8 49. b6 Rb4 50. Rb5 1-0

[Event "HUN-chT2 Erkel 1213"]
[Site "Hungary"]
[Date "2013.01.27"]
[Round "6.6"]
[White "Torok, Tamas Titusz"]
[Black "Balogh, Zoltan"]
[Result "0-1"]
[WhiteElo "2081"]
[BlackElo "2072"]
[PlyCount "64"]
[EventDate "2012.09.16"]
[EventType "team-tourn"]
[EventRounds "11"]
[EventCountry "HUN"]
[SourceTitle "EXT 2014"]
[Source "ChessBase"]
[SourceDate "2013.11.20"]
[SourceVersion "1"]
[SourceVersionDate "2013.11.20"]
[SourceQuality "1"]
[WhiteTeam "Pestszentlorinc"]
[BlackTeam "Vizugy"]
[WhiteTeamCountry "HUN"]
[BlackTeamCountry "HUN"]

1. e4 c5 2. c3 Nf6 3. e5 Nd5 4. d4 cxd4 5. Nf3 d6 6. Bb5+ Bd7 7. Bxd7+ Qxd7 8. 0-0 e6 9. cxd4 Nc6 10. Nc3 Nxc3 11. bxc3 d5 12. Be3 Be7 13. Qd3 Na5 14. Nd2 Rc8 15. f4 Nc4 16. Nxc4 Rxc4 17. Bd2 0-0 18. f5 exf5 19. Rxf5 Qc6 20. Rf3 b5 21. Rh3 Qg6 22. Qe2 b4 23. Rg3 Qe6 24. Rd1 Rfc8 25. Qe1 bxc3 26. Bxc3 Bh4 27. Rdd3 Bxg3 28. Rxg3 Qc6 29. Bb2 Rc2 30. Rb3 h6 31. h3 Qa6 32. Qg3 Qxa2 0-1

[Event "HUN-chT2 Erkel 1112"]
[Site "Hungary"]
[Date "2012.02.19"]
[Round "6.8"]
[White "Balogh, Zoltan"]
[Black "Nadasi, Balazs"]
[Result "1-0"]
[WhiteElo "1997"]
[BlackElo "2126"]
[PlyCount "75"]
[EventDate "2011.09.25"]
[EventType "team-tourn"]
[EventRounds "11"]
[EventCountry "HUN"]
[SourceTitle "EXT 2013"]
[Source "ChessBase"]
[SourceDate "2012.11.22"]
[SourceVersion "1"]
[SourceVersionDate "2012.11.22"]
[SourceQuality "1"]
[WhiteTeam "Vizugy"]
[BlackTeam "Sarkany"]
[WhiteTeamCountry "HUN"]
[BlackTeamCountry "HUN"]

1. e4 c5 2. Nc3 Nc6 3. f4 g6 4. Nf3 Bg7 5. Bc4 e6 6. 0-0 Nge7 7. Qe1 0-0 8. d3 Nd4 9. Bb3 d5 10. e5 Nef5 11. g4 Nxf3+ 12. Rxf3 Nd4 13. Rh3 b5 14. Be3 Nxb3 15. axb3 d4 16. Ne4 dxe3 17. g5 Bb7 18. Qh4 h5 19. gxh6 Qxh4 20. Rxh4 Bxe4 21. hxg7 Kxg7 22. dxe4 Rfd8 23. Rh3 Rd2 24. Rxe3 Rxc2 25. Rd1 Rh8 26. h3 Rh4 27. f5 exf5 28. exf5 Rd4 29. f6+ Kf8 30. Ra1 Rxb2 31. Kf1 Rd7 32. Ke1 Rh2 33. Ra5 Rb7 34. Rd3 Ke8 35. Ra6 c4 36. Rd4 cxb3 37. Rad6 Rb8 38. Rh4 1-0

[Event "HUN-chT2 Erkel 1112"]
[Site "Hungary"]
[Date "2011.11.27"]
[Round "4.7"]
[White "Kiss, Sandor"]
[Black "Balogh, Zoltan"]
[Result "1/2-1/2"]
[WhiteElo "2111"]
[BlackElo "1997"]
[PlyCount "28"]
[EventDate "2011.09.25"]
[EventType "team-tourn"]
[EventRounds "11"]
[EventCountry "HUN"]
[SourceTitle "EXT 2013"]
[Source "ChessBase"]
[SourceDate "2012.11.22"]
[SourceVersion "1"]
[SourceVersionDate "2012.11.22"]
[SourceQuality "1"]
[WhiteTeam "Vaci"]
[BlackTeam "Vizugy"]
[WhiteTeamCountry "HUN"]
[BlackTeamCountry "HUN"]

1. d4 Nf6 2. Nf3 e6 3. Bg5 h6 4. Bxf6 Qxf6 5. g3 b6 6. Bg2 Bb7 7. 0-0 g6 8. Nbd2 Bg7 9. Ne5 Bxg2 10. Kxg2 d6 11. Nef3 0-0 12. c3 Qe7 13. e4 Nd7 14. Re1 c5 1/2-1/2